The Monk Who Took India to The World (Record no. 47320)
[ view plain ]
| 000 -LEADER | |
|---|---|
| fixed length control field | 00696nam a22001697a 4500 |
| 005 - DATE AND TIME OF LATEST TRANSACTION | |
| control field | 20260303151239.0 |
| 008 - FIXED-LENGTH DATA ELEMENTS--GENERAL INFORMATION | |
| fixed length control field | 260303b |||||||| |||| 00| 0 eng d |
| 020 ## - INTERNATIONAL STANDARD BOOK NUMBER | |
| International Standard Book Number | 9789387791657 |
| 040 ## - CATALOGING SOURCE | |
| Transcribing agency | VITAP |
| 082 ## - DEWEY DECIMAL CLASSIFICATION NUMBER | |
| Edition number | 23 |
| Classification number | 294.555092 NAM |
| 100 ## - MAIN ENTRY--PERSONAL NAME | |
| Personal name | Nambath, Suresh Ed. |
| 9 (RLIN) | 17188 |
| 245 ## - TITLE STATEMENT | |
| Title | The Monk Who Took India to The World |
| Remainder of title | : With Curated Selections of Interviews And Articles From The Archives of The Hindu |
| Statement of responsibility, etc. | / Suresh Nambath Ed. |
| 260 ## - PUBLICATION, DISTRIBUTION, ETC. | |
| Place of publication, distribution, etc. | Chennai |
| Name of publisher, distributor, etc. | THG Publishing Group Pvt. Ltd. |
| Date of publication, distribution, etc. | 2025 |
| 300 ## - PHYSICAL DESCRIPTION | |
| Extent | 255p, ill.: 21cm |
| 650 #0 - SUBJECT ADDED ENTRY--TOPICAL TERM | |
| Topical term or geographic name entry element | Early Life, Guru & Spiritual Training, Journey Across India, Chicago Parliament of Religions (1893), Mission in the West etc. |
| 9 (RLIN) | 17189 |
| 942 ## - ADDED ENTRY ELEMENTS (KOHA) | |
| Source of classification or shelving scheme | Dewey Decimal Classification |
| Koha item type | Reference Book |
| Withdrawn status | Lost status | Source of classification or shelving scheme | Materials specified (bound volume or other part) | Damaged status | Not for loan | Collection code | Home library | Current library | Shelving location | Date acquired | Source of acquisition | Cost, normal purchase price | Inventory number | Total Checkouts | Full call number | Barcode | Date last seen | Cost, replacement price | Price effective from | Koha item type | Public note |
|---|---|---|---|---|---|---|---|---|---|---|---|---|---|---|---|---|---|---|---|---|---|
| Dewey Decimal Classification | Paper Back | Not For Loan | Reference | School of Business & General Section | VIT-AP | Reference | 2026-02-13 | B.V. Pratap, The Hindu News Agent | 399.00 | 2026/2/325 | 294.555092 NAM | 025536 | 2026-03-03 | 399.00 | 2026-02-13 | Reference Book | GEN |